000 004490000a22001810004500
005 20120302052426.0
942 _cBOOK
100 _a Lewis, George Cornwall
245 _a Essay on the government of dependencies
260 _aOxford:
_bClarendon Press,
_c1891
300 _alxviii,392p
040 _aENG
365 _bRs.
650 _aHistory
650 _aEssay
650 _aEssay-Government-Dependencies
650 _aSovereign-Government
999 _c340078
_d340075